01892nam a2200337 i 4500003000900000005001700009007000300026008004100029020001800070040003000088082002100118100003500139245007400174264004000248300005200288336002700340337003400367338002800401500007100429500003500500500005700535504003000592505057900622590002701201600010001228700004701328910001401375942001401389952013401403999001701537DO-SdBNP20260305074000.0ta110413s2016 dr co 001 0 spa d a9789945086089 aDO-SdBNPbspacBNPHUerda bG377222a355.021 aGerón, Candido,d1948-9357710aDesiderio Arias y la Ocupación Norteamericana /cCándido Gerón  1aSanto Domingo :bCentenario,c2016. a552 páginas c23 cm.bretratos, fotografías 2rdacontentatextobtxt 2rdamediaasin mediación bn 2rdacarrieravolumenbnc aIncluye datos biográficos del autor en la solapa de la portada.  aIncluye índice onomástico. aIncluye notas y bibliografías a pie de páginas.  aBibliografía p: 113-1140 tCaudillismo, empréstitos y revueltas sociales -- tMorales Languasco firma acuerdo con los Estados Unidos de Norteamérica -- tAsesinato de Ramón Cáceres -- tIntervención americana (1916-1924) -- tDesiderio Arias: Peripecias (1916) -- tDesiderio Arias Álvarez: estudio y valoración final trágico -- tCartas, proclamas, Decretos y entrevistas Juan I. Jiménes Presidente Constitucional de la República -- tMemorias que al ciudadano presidente de la República Juan Isidro Jimenes, presenta el general Desiderio Arias --tÍndice onomástico / aInventariado, 2023/ YL 4aArias Desideriod1872-1931vBiografíaxCaudillos, GuerrilleroszRepública Dominicana9842901 aSilié, Rubén,d1946-eprólogo 91421 aYLockward 2ddccLBS1 00102ddc51708PDaBNPHUbBNPHUcCTd2019-11-15eEnaney Groupl0oBNPHU PD G377 355.02p2023-6479r2023-09-27w2023-09-27yLBS1 c54973d54973